Mitos e lendas para crianças (Record no. 118168)
[ view plain ]
| 000 -LÍDER | |
|---|---|
| campo de controle de tamanho fixo | 01090 a2200229 4500 |
| 001 - NÚMERO DE CONTROLE | |
| campo de controle | 118168 |
| 020 ## - ISBN - INTERNATIONAL STANDARD BOOK NUMBER | |
| ISBN - International Standard Book Number | 9788564517363 |
| 020 ## - ISBN - INTERNATIONAL STANDARD BOOK NUMBER | |
| Informação qualificadora | enc. |
| 041 ## - CÓDIGO DE IDIOMA | |
| Código do idioma do texto/trilha sonora ou título diferente | por |
| 082 ## - CDD - CLASSIFICAÇÃO DECIMAL DE DEWEY | |
| Número de Classificação | 398.2454 |
| 040 ## - FONTE DA CATALOGAÇÃO | |
| Instituição da catalogação original | BR-BrIDEA |
| Instituição que transcreveu o registro | BR-BrIDEA |
| 090 ## - NÚMERO DE CHAMADA LOCAL | |
| Número de chamada (OCLC) (R); Número de chamada, CALL (RLIN) (NR) | Year 3 398 |
| Número Cutter local (OCLC); Número de classificação do livro, CALL (RLIN) | MIT |
| 240 10 - TÍTULO UNIFORME | |
| Título uniforme | Children's book of mythical beasts and magical monsters |
| 245 10 - TÍTULO | |
| Título | Mitos e lendas para crianças |
| 260 ## - PUBLICAÇÃO, DISTRIBUIÇÃO, ETC. | |
| Local de publicação, distribuição, etc. | São Paulo, SP |
| Nome do editor, distribuidor, etc. | Publifolhina |
| Data da publicação, distribuição, etc. | 2014 |
| 300 ## - DESCRIÇÃO FÍSICA | |
| Extensão | 142 p. |
| Outros detalhes físicos | col. ill. |
| 520 ## - NOTA DE RESUMO, ETC | |
| Resumo, etc. | Os mitos, as lendas e o folclore abordam os seres humanos, a natureza e seus fenômenos e também o mundo espiritual, por meio de histórias sobre deuses, heróis e monstros. Eles nos ajudam a refletir sobre grandes questões da vida. Este livro desvenda segredos da mitologia e traz aventuras incríveis que são contadas de geração em geração. Da Grécia Antiga às Américas, faz uma viagem por reinos escondidos, apresenta criaturas fascinantes, identifica personagens e reconta histórias fantásticas para os pequenos. |
| 697 ## - ENTRADA DE ASSUNTO LOCAL--ENTIDADE COLETIVA (RLIN) | |
| Nome corporativo ou nome da jurisdição | Mitos |
| 697 ## - ENTRADA DE ASSUNTO LOCAL--ENTIDADE COLETIVA (RLIN) | |
| Nome corporativo ou nome da jurisdição | Lendas |
| 856 ## - LOCALIZAÇÃO ELETRÔNICA E ACESSO | |
| Uniform Resource Identifier | <a href="00002e/00002efb.jpg">00002e/00002efb.jpg</a> |
| 942 ## - ELEMENTOS DE ENTRADA ADICIONADOS (KOHA) | |
| Tipo de material Koha | Livros |
| Situação do descarte | Situação das perdas | Fonte da classificação ou esquema de arquivamento na estante | Situação física | Não pode ser emprestado | Biblioteca de origem | Biblioteca atual | Data de aquisição | Total de empréstimos | Número de chamada completo | Código de barras | Data de último acesso | Data do último empréstimo | Data do preço efetivo | Tipo de material Koha |
|---|---|---|---|---|---|---|---|---|---|---|---|---|---|---|
| Classificação Decimal de Dewey | ECB - SUDOESTE | ECB - SUDOESTE | 23/03/2022 | 2 | Year 3 398 MIT | 00057478SSW | 29/04/2024 | 05/04/2024 | 23/01/2024 | Livros |